mysqli: Table './ulib62015/stat_globaluid' is marked as crashed and should be repaired
select id from stat_globaluid where statuid='20260518005036_1939'
mysqli: Table './ulib62015/stat_globaluid' is marked as crashed and should be repaired
DELETE FROM stat_globaluid
WHERE id NOT IN (
SELECT id
FROM (
SELECT id
FROM stat_globaluid
ORDER BY id DESC
LIMIT 100
) foo
);
mysqli: Table './ulib62015/stat_globaluid' is marked as crashed and should be repaired
insert into stat_globaluid set
statuid='20260518005036_1939',
dt='1779040236',
phpself='/ULIB62015/dublinfull.php',
agent='Mozilla/5.0 AppleWebKit/537.36 (KHTML, like Gecko; compatible; ClaudeBot/1.0; +claudebot@anthropic.com)',
yea='2026',
mon='5',
dat='18',
ip='216.73.216.45'
mysqli: Table './ulib62015/stathist_viewbib_bib_type' is marked as crashed and should be repaired
insert into stathist_viewbib_bib_type set
dat='18' ,
mon='05' ,
yea='2026' ,
statuid='20260518005036_1939' ,
head='32281' ,
foot='marc' ,
dt='1779040236'
| LEADER : 00000nam 2200000uu 4500 |
| 001 32281 |
| 003 ULIB |
| 008 100621s||||||||th 000 0 tha d |
| 020 ^a974-93043-3-0
|
| 082 0 ^aDS^b589^cป136ก
|
| 100 0 ^aปฏิพัฒน์ พุ่มพงษ์แพทย์.
|
| 245 00 ^aแกะรอยพงศาวดารราชธานีกรุงศรีอยุธยา.
|
| 260 ^aกรุงเทพฯ:^bประวัติศาสตร์และวัฒนธรรม,^c2548.
|
| 300 ^a 192 หน้า.
|
| 945 ^p0^l0^i010805 |
| 999 ^alib
|
| คุณยังไม่ได้ล็อกอิน คุณสามารถมีกิจกรรมร่วมกับเว็บไซต์ได้ แต่ต้องล็อกอินก่อน :: |
|
|
|
| ลำดับที่ |
ประเภท |
เลขเรียก/บาร์โค้ด |
สถานที่ |
สถานะ |
| 1. |
 หนังสือ | DS 589 ป136ก Barcode: 010805 | หนังสือทั่วไป | บนชั้น ขอยืม |
|
ยังไม่เคยถูกคอมเมนท์
|
| คอมเมนท์ทรัพยากรรายการนี้ |
|